[Event "1st WinTV Open"]
[Site "Chennai IND"]
[Date "2004.01.31"]
[Round "12"]
[White "Das,A"]
[Black "Suresh,KT"]
[Result "1/2-1/2"]
[WhiteElo "2334"]
[BlackElo "2219"]

1.e4 c5 2.Nf3 Nc6 3.d4 cxd4 4.Nxd4 Nf6 5.Nc3 d6 6.Bg5 e6 7.Qd2 Be7 8.O-O-O O-O
9.Nb3 Qb6 10.f3 a6 11.Kb1 Rd8 12.Qe1 Qc7 13.g4 b5 14.Be3 Ne5 15.Qf2 Nfd7
16.g5 Nc4 17.Bxc4 bxc4 18.Nd4 Rb8 19.h4 Nc5 20.Ka1 Bd7 21.h5 Be8  1/2-1/2

[Event "1st WinTV Open"]
[Site "Chennai IND"]
[Date "2004.01.31"]
[Round "12"]
[White "Ramesh,R"]
[Black "Poobesh Anand,S"]
[Result "1/2-1/2"]
[WhiteElo "2506"]
[BlackElo "2360"]

1.e4 c5 2.Nf3 Nc6 3.d4 cxd4 4.Nxd4 Nf6 5.Nc3 d6 6.Bg5 Bd7 7.Qd2 Nxd4 8.Qxd4 Qa5
9.Bd2 Rc8 10.Nb5 Qb6 11.Qxb6 axb6 12.Nc3 Bc6 13.f3 g6 14.Be3 Nd7 15.O-O-O Bg7
16.Nd5 b5 17.Bd4 Bh6+ 18.Kb1 Rf8 19.h4 e6 20.Nf6+ Ke7 21.Nxh7 Rh8 22.Bxh8 Rxh8
23.Bxb5 Bxb5 24.Ng5 Bg7 25.Nh3 Rxh4 26.Nf2 Rxh1 27.Rxh1 Bd4 28.Nd3 Nc5 29.Nxc5 dxc5
30.c3 Bd3+ 31.Kc1 Be3+ 32.Kd1 Bf4 33.Rh8 Bf1 34.g4 Bb5 35.Rc8 Bd6 36.b3 Bd7
37.Ra8 Bc7 38.c4 Bc6 39.Ke2 f5 40.gxf5 gxf5 41.exf5 exf5 42.a3 Bd6 43.Rh8 f4
44.Rh6 Bd7 45.Rg6 b5 46.Rg7+ Kd8 47.cxb5 Bxb5+ 48.Kf2 c4 49.bxc4 Bxc4 50.a4 Bc7
51.Rh7 Bb3 52.Kg2 Bxa4 53.Kh3 Bd7+ 54.Kh4 Bd6 55.Kg5 Be6 56.Ra7 Bd5  1/2-1/2

[Event "75th ch-GER"]
[Site "Hoeckendorf GER"]
[Date "2004.02.02"]
[Round "4"]
[White "Mainka,R"]
[Black "Kritz,L"]
[Result "0-1"]
[WhiteElo "2456"]
[BlackElo "2534"]

1.e4 c5 2.Nf3 d6 3.d4 cxd4 4.Nxd4 Nf6 5.Nc3 Nc6 6.Bg5 e6 7.Qd2 a6 8.O-O-O h6
9.Nxc6 bxc6 10.Bf4 d5 11.Qe3 Bb4 12.a3 Ba5 13.Be2 O-O 14.e5 Nd7 15.Qg3 Bc7
16.Rhe1 f6 17.Bxh6 Qe7 18.Bh5 Bxe5 19.Bf4 Bxf4+ 20.Qxf4 e5 21.Qh4 Rd8 22.f4 e4
23.f5 Nf8 24.Bg6 Be6 25.Ne2 Bf7 26.Bxf7+ Kxf7 27.Nf4 Qe5 28.Qg4 Kg8 29.Re3 Rab8
30.c3 Rd7 31.Nh5 Rbb7 32.h4 Rf7 33.Qf4 Nd7 34.Qg4 Qb8 35.Rd2 Ne5 36.Qe2 Rfe7
37.Nf4 Nc4 38.Ng6 Re8 39.g4 Qa7 40.Rg3 Nxd2 41.Qxd2 e3 42.Qe2 Qc5 43.Nf4 Re4
44.Nd3 Qd6 45.Rg1 Rbe7 46.h5 c5 47.g5 fxg5 48.Rxg5 c4 49.Ne1 Rf4 50.Rg6 Qe5
51.h6 Rf2 52.Qg4 Rxf5 53.Rxa6 Qe4 54.Qh3 g5 55.Qh5 Rf1 56.Qxg5+ Kh7 57.Qg3 Qd3  0-1

[Event "Scheveningen"]
[Site "Monte Carlo MNC"]
[Date "2004.02.05"]
[Round "6"]
[White "Bordi,K"]
[Black "Gentilleau,JP"]
[Result "1/2-1/2"]
[WhiteElo "2181"]
[BlackElo "2267"]

1.e4 c5 2.Nf3 d6 3.d4 cxd4 4.Nxd4 Nf6 5.Nc3 Nc6 6.Bg5 e6 7.Qd2 Be7 8.O-O-O Nxd4
9.Qxd4 O-O 10.f4 Qa5 11.Kb1  1/2-1/2

[Event "75th ch-GER"]
[Site "Hoeckendorf GER"]
[Date "2004.02.06"]
[Round "8"]
[White "Luther,T"]
[Black "Bischoff,K"]
[Result "1/2-1/2"]
[WhiteElo "2572"]
[BlackElo "2561"]

1.e4 c5 2.Nf3 d6 3.d4 cxd4 4.Nxd4 Nf6 5.Nc3 Nc6 6.Bg5 e6 7.Qd2 a6 8.O-O-O Bd7
9.f3 Be7 10.h4 h6 11.Be3 h5 12.Bg5 Qc7 13.Kb1 Ne5 14.f4 Neg4 15.g3 b5  1/2-1/2

[Event "FSGM February"]
[Site "Budapest HUN"]
[Date "2004.02.10"]
[Round "4"]
[White "Antal,Ge"]
[Black "Wittmann,W"]
[Result "1-0"]
[WhiteElo "2498"]
[BlackElo "2326"]

1.e4 c5 2.Nf3 d6 3.d4 cxd4 4.Nxd4 Nf6 5.Nc3 Nc6 6.Bg5 e6 7.Qd2 Be7 8.O-O-O Nxd4
9.Qxd4 O-O 10.f3 Bd7 11.Qd2 Bc6 12.Bd3 Qc7 13.Ne2 Rfd8 14.Nd4 Rac8 15.h4 a6
16.Kb1 b5 17.Nxc6 Qxc6 18.g4 Qb7 19.Qe2 Rb8 20.h5 h6 21.Bc1 Nh7 22.f4 e5
23.g5 hxg5 24.f5 Bf8 25.c3 a5 26.Bc2 a4 27.Rdg1 f6 28.Rd1 Rdc8 29.a3 Kh8
30.Be3 Rc4 31.Rd5 Rbc8 32.Bd3 R8c6 33.Kc2 Qa6 34.Kd2 Kg8 35.Ke1 Kh8 36.Kf2 Kg8
37.Kf3 Kh8 38.Rb1 Qb7 39.Qc2 Qa6 40.Kg3 Be7 41.Rg1 Bf8 42.Bxc4 bxc4 43.Kg4 Rc7
44.Rgd1 Rc6 45.R1d2 Kg8 46.Qb1 Kh8 47.Qd1 Kg8 48.Bf2 Kh8 49.Qe1 Qb7 50.Ra5 Ra6
51.Rxa6 Qxa6 52.Qd1 Qb5 53.Re2 Qb7 54.Qd5 Qb3 55.Rd2 Be7 56.Qf7 Bf8 57.h6 gxh6
58.Kh5 Bg7 59.Rxd6 Qxb2 60.Rd8+ Nf8 61.Rxf8+  1-0

[Event "Aeroflot Open"]
[Site "Moscow RUS"]
[Date "2004.02.19"]
[Round "3"]
[White "Alekseev,Evgeny"]
[Black "Spraggett,K"]
[Result "1/2-1/2"]
[WhiteElo "2609"]
[BlackElo "2536"]

1.e4 c5 2.Nf3 d6 3.d4 cxd4 4.Nxd4 Nf6 5.Nc3 Nc6 6.Bg5 e6 7.Qd2 a6 8.O-O-O Bd7
9.f3 Be7 10.h4 Rc8 11.g4 b5 12.Be3 Nxd4 13.Bxd4 b4 14.Ne2 e5 15.Be3 Qa5 16.Kb1 Be6
17.Nc1 O-O 18.h5 d5 19.Nb3 Qc7 20.g5 d4 21.Bxd4 Nxe4 22.fxe4 exd4 23.Bd3 Qe5
24.Rdg1  1/2-1/2

[Event "5th Montenegro Open"]
[Site "Sozina SCG"]
[Date "2004.02.19"]
[Round "2"]
[White "Ivanovic,B"]
[Black "Vuckovic,Bo"]
[Result "1-0"]
[WhiteElo "2405"]
[BlackElo "2511"]

1.e4 c5 2.Nf3 d6 3.d4 cxd4 4.Nxd4 Nf6 5.Nc3 Nc6 6.Bg5 e6 7.Qd2 a6 8.O-O-O Bd7
9.f3 h6 10.Be3 b5 11.Kb1 Ne5 12.Bd3 Qc7 13.Rhe1 Rb8 14.Ka1 b4 15.Nce2 a5
16.g4 g6 17.Ng3 a4 18.h3 g5 19.f4 gxf4 20.Bxf4 a3 21.b3 Ng6 22.Be3 Bg7 23.Kb1 Ne5
24.Rf1 Qa5 25.Rg1 Rc8 26.Rdf1 Rc5 27.Nde2 Bc6 28.Bd4 Nfd7 29.Nh5 Bf8 30.Nf6+ Nxf6
31.Rxf6 Be7 32.Rxh6 Rf8 33.Ng3 Nf3 34.Qf2 Nxg1 35.Qxg1 Rg5 36.Nh5 Rg6 37.Rh7 Bb5
38.Nf4 Rg5 39.h4 Rgg8 40.Rh5 e5 41.Bb6 Qa6 42.Nd5 Bd8 43.Rxe5+ dxe5 44.Qc5 Bxd3
45.Qc6+  1-0

[Event "2nd Breizh Masters B"]
[Site "Guingamp FRA"]
[Date "2004.02.20"]
[Round "8"]
[White "Dourerassou,J"]
[Black "Vandevoort,P"]
[Result "0-1"]
[WhiteElo "2276"]
[BlackElo "2379"]

1.e4 c5 2.Nf3 Nc6 3.d4 cxd4 4.Nxd4 Nf6 5.Nc3 d6 6.Bg5 Bd7 7.Qd2 a6 8.f3 e6
9.O-O-O Be7 10.Kb1 b5 11.Nxc6 Bxc6 12.Bd3 Rb8 13.g4 h6 14.Be3 Nd7 15.Ne2 Ne5
16.Nd4 Bb7 17.Qe2 g5 18.h4 Rg8 19.hxg5 hxg5 20.Rh7 Bf6 21.f4 gxf4 22.Bxf4 Ke7
23.Bxe5 Bxe5 24.Qf2 Rg7 25.Rh5 Rxg4 26.Rf1 Rf4 27.Qe3 Rxf1+ 28.Bxf1 Qg8 29.a4 bxa4
30.Nf3 Qg3 31.Rh3 Qf4 32.Qa7 d5 33.exd5 Kf6 34.Qf2 Bxb2 35.Kxb2 Bxd5+ 36.Kc3 Rc8+
37.Kb2 a3+ 38.Kxa3 Qc1+ 39.Kb4 Qb2+  0-1

[Event "ch-CZE w"]
[Site "Karlovy Vary CZE"]
[Date "2004.02.22"]
[Round "2"]
[White "Valickova,P"]
[Black "Mozna Hojdarova,E"]
[Result "1/2-1/2"]
[WhiteElo "1892"]
[BlackElo "2065"]

1.e4 c5 2.Nf3 Nc6 3.d4 cxd4 4.Nxd4 Nf6 5.Nc3 d6 6.Bg5 e6 7.Be2 Be7 8.O-O O-O
9.Be3 Bd7 10.Kh1 Nxd4 11.Bxd4 Bc6 12.f3 e5 13.Bf2 d5 14.exd5 Nxd5 15.Nxd5 Bxd5
16.c4 Bc6 17.Qc2 f5 18.Bd3 g6 19.Rfe1 Qc7 20.Be3 Rfe8 21.c5 Bf6  1/2-1/2

[Event "5th Montenegro Open"]
[Site "Sozina SCG"]
[Date "2004.02.22"]
[Round "5"]
[White "Ardelean,G"]
[Black "Damljanovic,B"]
[Result "0-1"]
[WhiteElo "2447"]
[BlackElo "2575"]

1.e4 c5 2.Nf3 Nc6 3.d4 cxd4 4.Nxd4 Nf6 5.Nc3 d6 6.Bg5 e6 7.Qd2 a6 8.O-O-O Bd7
9.f3 Be7 10.Kb1 Qc7 11.h4 h6 12.Be3 h5 13.Bg5 Ne5 14.Bd3 b5 15.Rhe1 b4 16.Nce2 Qb6
17.Be3 Qb7 18.Nc1 a5 19.Bg5 a4 20.f4 Nxd3 21.cxd3 b3 22.a3 e5 23.fxe5 dxe5
24.Nf3 Bg4 25.Ne2 Qb8 26.Ng3 O-O 27.Nf5 Bxf5 28.exf5 Bd8 29.Rxe5 Ng4 30.Re4 f6
31.Bf4 Bc7 32.Bxc7 Qxc7 33.Rc1 Qd7 34.Re6 Rac8 35.Ree1 Qxf5 36.Rh1 Rxc1+
37.Rxc1 Re8 38.Re1 Rxe1+ 39.Nxe1 Qf1 40.Qc1 Ne5 41.Qe3 Kf7 42.Qa7+ Kg6 43.Qe3 Kh7
44.Kc1 Ng4 45.Qe8 Nh6 46.Qe4+ Nf5 47.Kd1 Qf2 48.Qe2 Ne3+ 49.Kd2 Nf1+ 50.Kd1 Qf4
51.Nf3 Ne3+ 52.Ke1 Qg3+ 53.Kd2 Nxg2  0-1

[Event "11th Metalis Open"]
[Site "Bizovac CRO"]
[Date "2004.02.28"]
[Round "5"]
[White "Sulc,D"]
[Black "Jovanovic,Zo2"]
[Result "0-1"]
[WhiteElo "2287"]
[BlackElo "2456"]

1.e4 c5 2.Nf3 d6 3.d4 cxd4 4.Nxd4 Nf6 5.Nc3 Nc6 6.Bg5 Bd7 7.Qd2 Nxd4 8.Qxd4 Qa5
9.f4 e5 10.Qd2 Be7 11.O-O-O Bc6 12.Bc4 h6 13.Bxf6 Bxf6 14.Kb1 Qc5 15.Bd5 exf4
16.Qxf4 O-O 17.Rd3 Be5 18.Qd2 Qb6 19.Bb3 a5 20.a4 Qb4 21.Nd5 Qxe4 22.Re1 Qh4
23.Rh3 Qd4 24.Ne7+ Kh7 25.Qc1 Bf4 26.c3 Bxc1 27.cxd4 Bg5 28.Nxc6 bxc6 29.Rf3 Bf6
30.d5 c5 31.Bc2+ Kg8 32.Bd3 Rab8 33.Bb5 Be5 34.h3 g6 35.g4 Kg7 36.Ref1 Rb7
37.b3 Bd4 38.Re1 Rh8 39.Kc2 Bf6 40.Ref1 Bg5 41.Re1 Bf6 42.Ref1 Bh4 43.Re3 Bg5
44.Ref3 Re7 45.Kd3 h5 46.Rg1 Re5 47.Bc6 hxg4 48.Rxg4 Rhe8 49.Rg2 Re3+ 50.Rxe3 Rxe3+
51.Kc2 Bf4 52.Rf2 Be5  0-1

[Event "ch-TUR"]
[Site "Kusadasi TUR"]
[Date "2004.03.04"]
[Round "8"]
[White "Keler,F"]
[Black "Esen,B"]
[Result "1/2-1/2"]
[WhiteElo "2176"]
[BlackElo "2263"]

1.e4 c5 2.Nf3 d6 3.d4 cxd4 4.Nxd4 Nf6 5.Nc3 Nc6 6.Bg5 Bd7 7.Qd2 Rc8 8.O-O-O Nxd4
9.Qxd4 Qa5 10.Bxf6 gxf6 11.Kb1 Qc5 12.Qd2 e6 13.f4 b5 14.e5 f5 15.Ne2 d5
16.Nd4 h5 17.Be2 Qb6 18.g3 a5 19.h3 Bb4 20.Qe3 Bc5 21.Qd3 a4 22.Rhf1 Ke7
23.g4 Bxd4 24.Qxd4 Qxd4 25.Rxd4 hxg4 26.hxg4 Rh2 27.Bd1 fxg4 28.Rg1 f5 29.exf6+ Kxf6
30.Rxg4 Rc4 31.Rxc4 bxc4 32.b3 Rh1 33.Kc1 Be8 34.Rg2 c3 35.Rg3 Bb5 36.Re3 d4
37.Re5 d3 38.cxd3 Bxd3 39.Re3 axb3 40.axb3 c2 41.Rxd3 cxd1=R+ 42.Rxd1 Rxd1+
43.Kxd1 Kf5  1/2-1/2

[Event "ch-TUR"]
[Site "Kusadasi TUR"]
[Date "2004.03.05"]
[Round "9"]
[White "Haznedaroglu,K"]
[Black "Erturan,Y"]
[Result "1-0"]
[WhiteElo "2360"]
[BlackElo "2273"]

1.e4 c5 2.Nf3 Nc6 3.d4 cxd4 4.Nxd4 Nf6 5.Nc3 d6 6.Bg5 Qb6 7.Nb3 e6 8.Bd3 Be7
9.Be3 Qc7 10.O-O a6 11.a4 b6 12.Nd2 O-O 13.f4 Rd8 14.Kh1 Nb4 15.Nf3 e5 16.Qe1 Bg4
17.Qf2 Rab8 18.Rac1 Be6 19.Qe2 Ra8 20.Ng5 exf4 21.Bxf4 Nxd3 22.cxd3 Qd7 23.Nxe6 Qxe6
24.Qf3 Qb3 25.Bg5 Rf8 26.Bxf6 Bxf6 27.Nd5 Be5 28.Rc7 f5 29.exf5 Qxb2 30.f6 Kh8
31.f7 Qd4 32.Rc4 Qb2 33.Nc7 Rab8 34.Ne6 Bf6 35.Nxf8 Rxf8 36.Re4 Qb3 37.Rc4 h6
38.Qe4 Be5 39.Rc8  1-0

[Event "TCh-FIN 2003-4"]
[Site "Finland FIN"]
[Date "2004.03.14"]
[Round "9"]
[White "Nyysti,S"]
[Black "Yrjola,J"]
[Result "1/2-1/2"]
[WhiteElo "2399"]
[BlackElo "2415"]

1.e4 c5 2.Nf3 Nc6 3.d4 cxd4 4.Nxd4 Nf6 5.Nc3 d6 6.Bg5 e6 7.Qd2 a6 8.O-O-O Be7
9.f3 Bd7 10.Kb1 Qc7 11.g4 h6 12.Be3 Ne5 13.Qg2 O-O-O 14.Qf2 Kb8 15.Nb3 Rdg8
16.Bb6 Qc8 17.f4 Nexg4 18.Qf3 g5 19.h3 h5 20.fxg5 Ne5 21.Qf4 Ne8  1/2-1/2

[Event "TCh-AUT 2003-4"]
[Site "Jenbach AUT"]
[Date "2004.03.19"]
[Round "9"]
[White "Shchekachev,A"]
[Black "Bischoff,K"]
[Result "0-1"]
[WhiteElo "2520"]
[BlackElo "2561"]

1.e4 c5 2.Nf3 d6 3.d4 Nf6 4.Nc3 cxd4 5.Nxd4 Nc6 6.Bg5 e6 7.Qd2 a6 8.O-O-O Bd7
9.f3 Be7 10.h4 h6 11.Be3 h5 12.Kb1 Ne5 13.Bg5 b5 14.Bd3 Qb6 15.Nce2 b4 16.Rhf1 a5
17.g4 hxg4 18.f4 Nxd3 19.cxd3 e5 20.Nf5 Bxf5 21.exf5 Rc8 22.Ng3 b3 23.Rc1 bxa2+
24.Ka1 O-O 25.fxe5 dxe5 26.Bxf6 Rxc1+ 27.Qxc1 Bxf6 28.Ne4 a4 29.Rg1 a3 30.Rxg4 axb2+
31.Qxb2 Qxb2+ 32.Kxb2 Ra8 33.Ka1 Kh7 34.Rg2 Ra3 35.Rxa2 Rxd3 36.Ra7 Bxh4
37.Rxf7 Rd4 38.Nc5 e4 39.Ne6 Rd1+ 40.Ka2 Bf6 41.Nxg7 Bxg7 42.f6 Kg6 43.Rxg7+ Kxf6
44.Rg8 Rc1  0-1

[Event "It"]
[Site "Rishon le Zion ISR"]
[Date "2004.03.24"]
[Round "5"]
[White "Kaplan,S"]
[Black "Lerner,K"]
[Result "0-1"]
[WhiteElo "2292"]
[BlackElo "2515"]

1.e4 c5 2.Nf3 d6 3.d4 cxd4 4.Nxd4 Nf6 5.Nc3 Nc6 6.Bg5 e6 7.Qd2 a6 8.O-O-O Nxd4
9.Qxd4 Be7 10.f4 b5 11.Bd3 Bb7 12.Rhe1 Rc8 13.e5 dxe5 14.Qxe5 Qc7 15.Qxc7 Rxc7
16.f5 Bxg2 17.fxe6 O-O 18.Rg1 Bb7 19.Bh6 Ne8 20.Bf4 Rc5 21.Bxb5 fxe6 22.Rd7 Bf6
23.Rxb7 axb5 24.Be3 Rc7 25.Rxb5 Bxc3 26.bxc3 Nd6 27.Rc5 Rb7 28.Rc6 Nf5 29.Bc5 Ra8
30.a3 Kf7 31.Re1 Re8 32.Bb4 e5 33.a4 Re6 34.Rxe6 Kxe6 35.Kb2 Kd5 36.Kb3 e4
37.a5 e3 38.Ka4 Kc6 39.Kb3 Rd7 40.c4 Rd2 41.Ra1 e2 42.Re1 Rd1 43.Bc3 Nd4+
44.Kb2 Rxe1 45.Bxe1 Nf3 46.Bf2 e1=Q 47.Bxe1 Nxe1 48.Kc3 Nf3 49.h3 g5  0-1

[Event "It"]
[Site "Rishon le Zion ISR"]
[Date "2004.03.26"]
[Round "7"]
[White "Ganor,D"]
[Black "Lerner,K"]
[Result "1/2-1/2"]
[WhiteElo "2317"]
[BlackElo "2515"]

1.e4 c5 2.Nf3 d6 3.d4 cxd4 4.Nxd4 Nf6 5.Nc3 Nc6 6.Bg5 e6 7.Bb5 Bd7 8.Bxc6 bxc6
9.Qf3 Qb6 10.Nb3 Be7 11.e5 dxe5 12.O-O-O Rd8 13.Rhe1 Bc8 14.Rxd8+ Bxd8 15.Be3 Qc7
16.Bc5 Nd7 17.Ba3 c5 18.Ne4 Be7 19.Qc3 O-O 20.Nbxc5 Nxc5 21.Bxc5 f6 22.Bxe7 Qxe7
23.Qc5 Qb7 24.Nd6 Qd5 25.Qxd5 exd5 26.Re3 Rd8 27.Rc3 Bg4 28.Nb7 Rd7 29.Rc8+ Kf7
30.Nc5 Re7 31.Rc6 d4 32.f3 Bf5 33.b4 Ke8 34.a4 Kd8 35.b5 Rc7 36.Rxc7 Kxc7
37.a5 Bc8 38.Kd2 Kd6 39.Ne4+ Kd5 40.g4 Bd7 41.c4+ dxc3+ 42.Nxc3+ Kc5 43.b6 axb6
44.axb6 Kxb6 45.Ke3 Kc5 46.h4 Kc4 47.Ne4 Kd5 48.Ng3 Ke6 49.Ke4 Ba4 50.h5 Bd1
51.Ke3 Bc2 52.Kd2 Bb1 53.Ke3 g6 54.hxg6 hxg6 55.Ne2 Bc2 56.Nc3 Bb3 57.Ne4 Bd5
58.Nc3 Bc6 59.Ne2 Kf7 60.Nc1 Bd5 61.Nd3 Ke7 62.g5 Bc4 63.gxf6+ Kxf6 64.Nf2 g5
65.Ne4+ Kg6 66.Nxg5 Kxg5 67.Ke4 Kf6 68.f4 Bd5+ 69.Kxd5 exf4 70.Ke4 Kg5 71.Kf3  1/2-1/2

[Event "IV Open"]
[Site "Dos Hermanas ESP"]
[Date "2004.03.28"]
[Round "4"]
[White "Ingunza Lopez,T"]
[Black "Rodriguez Aguilera,An"]
[Result "1/2-1/2"]
[WhiteElo "1997"]
[BlackElo "2296"]

1.e4 c5 2.Nf3 Nc6 3.d4 cxd4 4.Nxd4 Nf6 5.Nc3 d6 6.Bg5 e6 7.Qd2 Be7 8.O-O-O O-O
9.f4 a6 10.Be2 Bd7 11.Nf3 Be8 12.h4 h6 13.Bxf6 Bxf6 14.Qxd6 Bxc3 15.Qxd8 Bxb2+
16.Kxb2 Rxd8 17.Rxd8 Nxd8 18.Rd1 Nc6 19.Rd6 Ne7 20.Ne5 Nc8 21.Rd8 Ba4 22.Rd4 Be8
23.Rd8 Ba4 24.Rd4 Be8  1/2-1/2

[Event "1st Savaria IM"]
[Site "Szombathely HUN"]
[Date "2004.03.28"]
[Round "7"]
[White "Remete,E"]
[Black "Pergel,L"]
[Result "1/2-1/2"]
[WhiteElo "2124"]
[BlackElo "2343"]

1.e4 c5 2.Nf3 Nc6 3.d4 cxd4 4.Nxd4 Nf6 5.Nc3 d6 6.Bg5 e6 7.Qd2 Be7 8.O-O-O O-O
9.f4 h6 10.Bh4 Bd7 11.Be2 Rc8  1/2-1/2

[Event "TCh-FRA Nat1 GpB"]
[Site "Montpellier FRA"]
[Date "2004.04.03"]
[Round "6"]
[White "Guadalpi,D"]
[Black "Templier,N"]
[Result "1-0"]
[WhiteElo "2274"]
[BlackElo "2281"]

1.e4 c5 2.Nf3 d6 3.d4 cxd4 4.Nxd4 Nf6 5.Nc3 Nc6 6.Bg5 e6 7.Qd2 a6 8.O-O-O h6
9.Be3 Bd7 10.f3 b5 11.Bd3 Rc8 12.Kb1 Ne5 13.g4 Nc4 14.Bxc4 Rxc4 15.h4 b4
16.Nce2 Qb8 17.g5 Nh5 18.g6 f6 19.Rhe1 Rc8 20.f4 Qb7 21.Qd3 Be7 22.Bc1 e5
23.Qf3 Nxf4 24.Nxf4 exf4 25.Qb3 Rf8 26.Bxf4 Bg4 27.Rd2 Rc5 28.Qg3 Qd7 29.Nb3 Rc6
30.e5 fxe5 31.Bxe5 Rf3 32.Qg2 Bxh4 33.Bg3+ Be7 34.Bh4 Rf6 35.Bxf6 gxf6 36.Qd5 Qf5
37.Qg8+  1-0

[Event "ch-HUN U20"]
[Site "Budapest HUN"]
[Date "2004.04.05"]
[Round "1"]
[White "Szabo,K"]
[Black "Papp,T"]
[Result "1-0"]
[WhiteElo "2336"]
[BlackElo "2112"]

1.e4 c5 2.Nf3 Nc6 3.d4 cxd4 4.Nxd4 Nf6 5.Nc3 d6 6.Bg5 e5 7.Bxf6 gxf6 8.Nf5 a6
9.Nd5 Bxf5 10.exf5 Nd4 11.c3 Nc6 12.Bc4 Rc8 13.O-O Bg7 14.Qh5 Na5 15.Be2 Kf8
16.Rad1 Nc4 17.Bxc4 Rxc4 18.Rd3 Rc6 19.Rfd1 h6 20.a4 a5 21.h3 Ke8 22.f4 Bf8
23.Kh2 Rg8 24.Qh4 Be7 25.Qxh6 Kd7 26.fxe5 fxe5 27.f6 Bf8 28.Qh7 Rg5 29.Qxf7+  1-0

[Event "6th Foxwoods Open"]
[Site "Connecticut USA"]
[Date "2004.04.07"]
[Round "1"]
[White "Vovsha,E"]
[Black "Strenzwilk,D"]
[Result "1-0"]
[WhiteElo "2441"]
[BlackElo "2151"]

1.e4 c5 2.Nf3 Nc6 3.d4 cxd4 4.Nxd4 Nf6 5.Nc3 d6 6.Bg5 e6 7.Qd2 a6 8.O-O-O Bd7
9.f3 b5 10.Nxc6 Bxc6 11.g4 Qa5 12.Kb1 Be7 13.Be3 Qc7 14.Bg2 O-O 15.Ne2 d5
16.e5 Nd7 17.f4 Nc5 18.Nd4 Bb7 19.Rhf1 Rfd8 20.f5 exf5 21.Bf4 Ne4 22.Bxe4 dxe4
23.gxf5 Bc5 24.e6 Qb6 25.Be3 fxe6 26.f6 g6 27.f7+ Kh8 28.Bg5 Bf8 29.Bf6+ Bg7
30.Nxe6 Bxf6 31.Qxd8+ Rxd8 32.Rxd8+ Qxd8 33.Nxd8  1-0

[Event "Pobeskydi Technomont Cup"]
[Site "Frydek Mistek CZE"]
[Date "2004.04.08"]
[Round "2"]
[White "Holeksa,Z"]
[Black "Michenka,J"]
[Result "0-1"]
[WhiteElo "2195"]
[BlackElo "2337"]

1.e4 c5 2.Nf3 Nc6 3.d4 cxd4 4.Nxd4 Nf6 5.Nc3 d6 6.Bg5 e6 7.Qd2 a6 8.O-O-O h6
9.Nxc6 bxc6 10.Bf4 d5 11.Qe3 Qa5 12.Be2 Bb7 13.Qg3 O-O-O 14.Be5 Nd7 15.exd5 Nxe5
16.Qxe5 cxd5 17.Rd3 Qc7 18.Qd4 Bc5 19.Qxg7 Qf4+ 20.Kb1 Rhg8 21.Rf3 Qxf3 22.Qxg8 Rxg8
23.Bxf3 Bxf2 24.Bh5 Rxg2 25.Bxf7 Kd7 26.Ne2 Ke7 27.Bh5 Be3 28.h3 d4 29.Rf1 Be4
30.Rf7+ Kd6 31.Rf1 Ke5 32.Rd1 Rg5  0-1

[Event "8th Neckar Open"]
[Site "Deizisau GER"]
[Date "2004.04.10"]
[Round "4"]
[White "Landa,K"]
[Black "Lomineishvili,M"]
[Result "1/2-1/2"]
[WhiteElo "2563"]
[BlackElo "2401"]

1.e4 c5 2.Nf3 Nc6 3.d4 cxd4 4.Nxd4 Nf6 5.Nc3 d6 6.Bg5 e6 7.Qd2 Be7 8.O-O-O Nxd4
9.Qxd4 a6 10.f3 b5 11.e5 dxe5 12.Qxe5 Qb6 13.Bd3 Qc5 14.Qxc5 Bxc5 15.a4 b4
16.Ne4 Be7 17.Nxf6+ Bxf6 18.Bd2 Bd7 19.Bxb4 Bxa4 20.Rhe1 a5 21.Bd6 Be7 22.Bc4 Bxd6
23.Rxd6 Ke7 24.Rb6 Rhb8 25.Rxb8 Rxb8 26.Re5 Ra8 27.b3 Bc6 28.Kb2 Kd6 29.Re1 Kc5
30.Kc3 Ra7 31.h4 Ra8 32.Rd1 Re8 33.Re1 Ra8 34.Re2 Ra7 35.Re5+ Kd6 36.Re1 Kc5
37.Bd3 h6 38.Bc4 Ra8 39.Re5+ Kd6 40.Re1 Kc5 41.h5 Ra7 42.Re2 Ra8 43.Rd2 Re8
44.Re2 Ra8 45.Re5+ Kd6 46.Re1 Kc5 47.Bd3 Rd8 48.Ra1 Kb6 49.Bc4 Bd5 50.Rd1 Rc8
51.Rd4 Rc5 52.Rg4 Bxc4 53.bxc4 Rxh5 54.Rxg7 Rf5 55.Rg8 Rg5 56.Rf8 Rxg2 57.Rxf7 Rf2
58.Kd4 Rxc2 59.Rf6 Rd2+ 60.Kc3 Re2 61.Kd3 Re1 62.Kd2 Rf1 63.Rxe6+ Kc5 64.Rxh6 Kxc4
65.Kc2 Rf2+ 66.Kb1 Kb3 67.Rb6+ Ka3 68.Ka1 a4 69.Rb7 Rxf3 70.Rb6  1/2-1/2

[Event "8th Neckar Open"]
[Site "Deizisau GER"]
[Date "2004.04.10"]
[Round "5"]
[White "Sax,G"]
[Black "Shengelia,D"]
[Result "1/2-1/2"]
[WhiteElo "2542"]
[BlackElo "2496"]

1.e4 c5 2.Nf3 d6 3.d4 cxd4 4.Nxd4 Nf6 5.Nc3 Nc6 6.Bg5 e6 7.Qd2 Be7 8.O-O-O Nxd4
9.Qxd4 a6 10.f4 b5 11.Bxf6 gxf6 12.f5 Qa5 13.Kb1 b4 14.Ne2 e5 15.Qd3 Bb7
16.c4  1/2-1/2

[Event "77th ch-city"]
[Site "St Petersburg RUS"]
[Date "2004.04.10"]
[Round "10"]
[White "Yemelin,V"]
[Black "Klimov,S"]
[Result "1/2-1/2"]
[WhiteElo "2578"]
[BlackElo "2520"]

1.e4 c5 2.Nf3 d6 3.d4 cxd4 4.Nxd4 Nf6 5.Nc3 Nc6 6.Bg5 e6 7.Qd2 a6 8.O-O-O Bd7
9.f3 Be7 10.Kb1 Rc8 11.Be3 h5 12.Rg1 b5 13.Nxc6 Bxc6 14.Ne2 Bb7 15.Nd4 g6
16.Bd3 Nd7 17.Nb3 d5 18.Bd4 e5 19.Be3 dxe4 20.fxe4 Nf6 21.Qe2 Qc7 22.Bd2 O-O
23.Rdf1 Kg7 24.a3 Qd7 25.h3 h4 26.Bg5 Nh5 27.Qe3 Rh8 28.Rf3 Qd8 29.Bxe7  1/2-1/2

[Event "FSGM April"]
[Site "Budapest HUN"]
[Date "2004.04.12"]
[Round "10"]
[White "Seres,L"]
[Black "Muir,A"]
[Result "1-0"]
[WhiteElo "2496"]
[BlackElo "2303"]

1.e4 c5 2.Nf3 Nc6 3.d4 cxd4 4.Nxd4 Nf6 5.Nc3 d6 6.Bg5 e6 7.Qd2 Be7 8.O-O-O O-O
9.f4 Nxd4 10.Qxd4 Qa5 11.Bc4 Bd7 12.e5 dxe5 13.Qxe5 Qb6 14.Qe2 Bc6 15.f5 Qc5
16.Bxf6 Bxf6 17.fxe6 fxe6 18.Ne4 Bxe4 19.Qxe4 Kh8 20.Rd7 b5 21.Bd3 Qf5 22.Qxf5 exf5
23.Rd5 b4 24.Rxf5 a5 25.Rhf1 a4 26.Rb5 a3 27.bxa3 bxa3 28.c4 Bd4 29.Kc2 g6
30.Rxf8+ Rxf8 31.Kb3 Rf2 32.Be4 Re2 33.Bd5 Re3+ 34.Kb4 Be5 35.h3 Kg7 36.Rb7+ Kf6
37.Rf7+ Kg5 38.Rxh7 Rd3 39.Rd7 Kf4 40.c5 Bb8 41.c6 Ke5 42.c7 Bxc7 43.Rxc7 Rxd5
44.Rc3 Rd2 45.Rg3 Rxa2 46.Rxg6 Kf4 47.Kb3 Ra1 48.Rg4+ Ke5 49.h4 Kf6 50.g3 Kf5
51.Rg8 Kf6 52.Rg5 Kf7 53.h5 Kf8 54.g4 Kf7 55.Rg6 Kf8 56.h6 Kf7 57.Rg7+ Kf8
58.g5 a2 59.Kb2 Rb1+ 60.Kxa2 Rb5 61.g6 Rb8 62.Ka3 Rc8 63.Kb4 Rb8+ 64.Kc5 Rd8
65.Kc6 Ra8 66.Rb7 Ra6+ 67.Rb6 Ra8 68.Kc7 Ke7 69.g7 Kf7 70.Rb8  1-0

[Event "Pobeskydi Technomont Cup"]
[Site "Frydek Mistek CZE"]
[Date "2004.04.12"]
[Round "9"]
[White "Vyskocil,N"]
[Black "Belunek,V"]
[Result "1/2-1/2"]
[WhiteElo "2339"]
[BlackElo "2288"]

1.e4 c5 2.Nf3 d6 3.d4 cxd4 4.Nxd4 Nf6 5.Nc3 Nc6 6.Bg5 e6 7.Bb5 Bd7 8.Bxc6 bxc6
9.Qf3 e5 10.Nf5 Bxf5 11.Qxf5 Be7  1/2-1/2

[Event "Constantin Ungureanu Mem"]
[Site "Bucharest ROM"]
[Date "2004.04.16"]
[Round "2"]
[White "Djukic,Ni"]
[Black "Shishkin,Va"]
[Result "1-0"]
[WhiteElo "2449"]
[BlackElo "2443"]

1.e4 c5 2.Nf3 Nc6 3.d4 cxd4 4.Nxd4 Nf6 5.Nc3 d6 6.Bg5 Qb6 7.Nb3 e6 8.Bxf6 gxf6
9.Qh5 Bd7 10.Bd3 Rg8 11.O-O Rg7 12.a4 Rd8 13.a5 Qc7 14.f4 a6 15.Kh1 Rg6 16.h3 Rh6
17.Qe2 Ne7 18.f5 Nc6 19.Nd1 Ne5 20.Ne3 exf5 21.Nd4 Qc5 22.Ndxf5 Bxf5 23.Rxf5 Be7
24.c3 Rg6 25.Nd5 Kf8 26.b4 Qc8 27.Raf1 Re8 28.Qe3 Kg7 29.Be2 Bd8 30.Bh5 Qc4
31.Bxg6 hxg6 32.R5f2 f5 33.Qd4 Bh4 34.Qxc4 Nxc4 35.Re2 Re5 36.Rd1 fxe4 37.Rd4 f5
38.Nc7 Na3 39.Rxd6 Bg3 40.Ne6+ Kf7 41.Nd8+ Kg7 42.Rd7+ Kf6 43.Nxb7 e3 44.Nc5 f4
45.Nxa6 Nb5 46.Rd3 Re4 47.Nc5 Rc4 48.a6 g5 49.Kg1 Kg6 50.Rc2 Nxc3 51.Rdxc3 e2
52.Nd3  1-0

[Event "Rapid"]
[Site "Beer Sheva ISR"]
[Date "2004.04.19"]
[Round "5"]
[White "Erenburg,S"]
[Black "Tyomkin,D"]
[Result "1-0"]
[WhiteElo "2513"]
[BlackElo "2503"]

1.e4 c5 2.Nf3 Nc6 3.d4 cxd4 4.Nxd4 Nf6 5.Nc3 d6 6.Bg5 e6 7.Qd2 a6 8.O-O-O Be7
9.Bxf6 gxf6 10.f4 Bd7 11.Kb1 b5 12.Nxc6 Bxc6 13.Bd3 Qb6 14.f5 O-O-O 15.Qh6 Rdg8
16.g3 Qc5 17.Qh3 Bd7 18.Qh5 Be8 19.Ne2 Rg5 20.Qh6 Qe5 21.Nf4 Kb7 22.Rhe1 Bd7
23.Bf1 Qc5 24.Bh3 Qe5 25.c3 Bf8 26.Qh4 b4 27.Nd3 Qb5 28.Nxb4 Be7 29.Bf1 Qb6
30.Bxa6+ Ka7 31.Bc4 h5 32.Qh3 d5 33.exd5 Bxb4 34.dxe6 Bxc3 35.Rxd7+ Kb8 36.Re2 Rc8
37.Bb3 Be5 38.Qf1 fxe6 39.fxe6 Rg4 40.Bd5 Rc7 41.Rd8+ Rc8 42.e7 Rxd8 43.exd8=Q+ Qxd8
44.Rxe5 fxe5 45.Qb5+  1-0

[Event "6th Open"]
[Site "Dubai UAE"]
[Date "2004.04.21"]
[Round "3"]
[White "Mamedov,N"]
[Black "Ramaswamy,A"]
[Result "1-0"]
[WhiteElo "2463"]
[BlackElo "2263"]

1.e4 c5 2.Nf3 Nc6 3.d4 cxd4 4.Nxd4 Nf6 5.Nc3 d6 6.Bg5 e6 7.Qd2 Qb6 8.Nb3 a6
9.Be2 Be7 10.O-O O-O 11.Bxf6 Bxf6 12.Qxd6 Rd8 13.Qg3 Be5 14.Qg5 Bf6 15.Qg3 Be5
16.Qg5 Bf6 17.Qf4 Be5 18.Qc1 Bxc3 19.bxc3 Ne5 20.Rd1 Bd7 21.Qf4 Ng6 22.Qd6 Qxd6
23.Rxd6 Bc6 24.Rxd8+ Rxd8 25.f3 Ne5 26.Kf2 Rc8 27.f4 Nd7 28.Ke3 b5 29.Bd3 Bb7
30.Na5 Ba8 31.a4 bxa4 32.Rxa4 Rxc3 33.Rd4 Rc7 34.Bxa6 Kf8 35.Bb5 Ke7 36.Bxd7 Rxd7
37.Rxd7+ Kxd7 38.g3 Kd6 39.Kd4 f6 40.e5+ fxe5+ 41.fxe5+ Kc7 42.Kc5 Be4 43.c4 Bc2
44.Nc6 Bd3 45.Nd4 Kd7 46.Kb4 Be4  1-0